|
|
|
|
| LEADER |
00000nam a2200000Ia 4500 |
| 008 |
170210b1999 s ||||| |||| 00| | spa d |
| 999 |
|
|
|c 1482
|d 1482
|
| 090 |
|
|
|a 06.02.01
|b 1993
|
| 100 |
1 |
|
|a Pérez Serrano, Gloria
|9 687
|
| 245 |
1 |
0 |
|a Contexto cultural y socioeducativo de la educación social /
|c Coordinadora Gloria Pérez Serrano
|
| 260 |
|
|
|a Sevilla, España :
|b Universidad de Sevilla,
|c [199?]
|
| 300 |
|
|
|a 291 páginas
|
| 650 |
1 |
4 |
|a EDUCACIÓN
|9 1
|
| 650 |
1 |
4 |
|a CULTURA
|9 378
|
| 650 |
1 |
4 |
|a SOCIEDAD
|9 396
|
| 650 |
1 |
4 |
|a SOCIOLOGÍA DE LA EDUCACIÓN
|9 947
|
| 942 |
|
|
|i 002329
|h 06.02.01 1993
|2 z
|c 01
|